00715nam a2200241 a 4500001001300000003000900013005001700022008004100039020002300080082001700103100002100120245004500141260004400186300000900230500003500239505001000274650001800284700002100302902000800323942000700331952011800338999001700456nice12345678IN_TiNIC20260116014559.0050524s2002 lona grp 000 0 eng  a0193600 c14500a355.424bDEG aDe Grazia, David aAnimal Rights, a Very Short Introduction aLondan bOxford University Press c2002 a131p aincludes index and biblioraphy2 aIndex aAnimal Rights1 aDe Grazia, David bSRS cBK 001040708StackRoom-aHMIbHMId2007-06-05g145.00l0o355.424 DEGp020696r2007-06-05v145.00w2005-05-24yBK c16070d16070